Una educación para el cambio: reinventar la educación para los adolescentes

محفوظ في:
التفاصيل البيبلوغرافية
المؤلفون الرئيسيون: Hargreaves, Andy, Earl, Lorna (مؤلف), Ryan, Jim (مؤلف)
التنسيق: كتاب
اللغة:الإسبانية
منشور في: Barcelona Ediciones Octaedro 1988
الطبعة:1a. ed
سلاسل:Colección Repensar la Educación, 1
الموضوعات:
الوسوم: إضافة وسم
لا توجد وسوم, كن أول من يضع وسما على هذه التسجيلة!

MARC

LEADER 00000cam a2200000 a 4500
001 UCE8571
003 CL-VaPUC
008 150813e19880000sp |||||||||||||||||spa|d
020 |a 8480633336 
082 0 4 |a 373  |b HAR  |2 21 
100 |a Hargreaves, Andy  |9 856829 
700 0 |a Earl, Lorna  |e author  |9 581281 
700 0 |a Ryan, Jim  |e author  |9 581282 
245 1 4 |a Una educación para el cambio: reinventar la educación para los adolescentes 
250 |a 1a. ed 
300 |a 314 p 
942 |c BK 
945 |d 20150813 15:56:00  |a gsalatino 
260 |a Barcelona  |b Ediciones Octaedro  |c 1988 
650 0 |a Juventud  |9 271073 
650 0 |a Cambio social   |9 256857 
650 0 |a Métodos de enseñanza  |9 270413 
583 |a last modification  |c 20170907 01:46:24  |k Rodrigo Vera 
490 0 |a Colección Repensar la Educación, 1 
999 |c 360385  |d 360383 
952 |0 0  |1 0  |3 erb  |4 0  |6 373_000000000000000_HAR_1988  |7 0  |8 A  |9 470154  |a FDOPOS  |b FDOPOS  |i 5193931  |o 373 HAR 1988  |p 5193931  |r 2025-01-22  |w 2019-11-23  |y BK  |z Catalogado en:20150813  |k MED 
952 |0 0  |1 0  |3 erb  |4 0  |6 373_000000000000000_HAR_1988  |7 0  |8 A  |9 470155  |a FDOPOS  |b FDOPOS  |i 519394K  |o 373 HAR 1988  |p 519394K  |r 2025-01-22  |w 2019-11-23  |y BK  |z Catalogado en:20150813  |k MED